Young Adult Books Quiz - Statistics

General Stats
  • This quiz has been taken 227 times
  • The average score is 10 of 48
Answer Stats
Title Answer % Correct
The Fault in our Stars
85%
John Green Looking for Alaska
74%
Paper Towns
69%
Fangirl
56%
E. Lockhart We Were Liars
56%
Nicola Yoon Everything, Everything
55%
Carry On
49%
Jay Asher Thirteen Reasons Why
46%
Rainbow Rowell Eleanor & Park
44%
Becky Albertalli Simon vs. the Homo Sapiens Agenda
43%
The Sun Is Also a Star
43%
An Abundance of Katherines
40%
Stephen Chbosky The Perks of Being a Wallflower
37%
Jennifer Niven All the Bright Places
35%
Will Grayson, Will Grayson
34%
History Is All You Left Me
21%
Holding Up the Universe
19%
Jandy Nelson I'll Give You the Sun
18%
Adam Silvera More Happy Than Not
18%
The Upside of Unrequited
18%
Attachments
17%
Morgan Matson Since You've Been Gone
11%
Ned Vizzini It's Kind of a Funny Story
9%
The Unexpected Everything
9%
Francesca Zappia Made You Up
8%
Ava Dellaira Love Letters to the Dead
7%
Tamara Ireland Stone Every Last Word
6%
Marieke Nijkamp This Is Where It Ends
6%
Emery Lord When We Collided
5%
Jasmine Warga My Heart and Other Black Holes
4%
Julie Buxbaum Tell Me Three Things
4%
Riley Redgate Seven Ways We Lie
3%
Leah Thomas Because You'll Never Meet Me
2%
Be More Chill
2%
Every Exquisite Thing
2%
Matthew Quick Forgive Me, Leonard Peacock
2%
Liza M. Wiemer Hello?
2%
John Corey Whaley Highly Illogical Behavior
2%
Emily Murdoch If You Find Me
2%
Robin Talley Lies We Tell Ourselves
2%
David Arnold Mosquitoland
2%
Jeff Garvin Symptoms of Being Human
2%
Jenn Bennett The Anatomical Shape of a Heart
2%
Jennifer L. Armentrout The Problem with Forever
2%
Kate Scelsa Fans of the Impossible Life
1%
Heather Demetrios I'll Meet You There
1%
Meg Leder The Museum of Heartbreak
1%
Daisy Whitney When You Were Here
1%
No matching quizzes found
Score Distribution
Percent of People with Each Score
Percentile by Number Answered
Your Score History
You have not taken this quiz